[Event "GRE-chT 42nd"]
[Site "Porto Rio"]
[Date "2014.07.03"]
[Round "7.9"]
[White "Valianos, Gerasimos"]
[Black "Zafeiropoulos, Stratos"]
[Result "1-0"]
[WhiteElo "1655"]
[BlackElo "1280"]
[PlyCount "67"]
[EventDate "2014.06.28"]
[EventType "team-swiss"]
[EventRounds "7"]
[EventCountry "GRE"]
[SourceTitle "CBM 161 Extra"]
[Source "ChessBase"]
[SourceDate "2014.08.29"]
[SourceVersion "1"]
[SourceVersionDate "2014.08.29"]
[SourceQuality "1"]
[WhiteTeam "Alexandroupolis Ethnikos"]
[BlackTeam "Aigialeias Interior"]
[WhiteTeamCountry "GRE"]
[BlackTeamCountry "GRE"]

1. d4 d5 2. c4 Nf6 3. Nc3 dxc4 4. Nf3 Bg4 5. Ne5 Bh5 6. Qa4+ Nbd7 7. Qb5 e6 8. Bg5 Be7 9. Bxf6 Bxf6 10. Nxd7 Qxd7 11. Qxh5 Qxd4 12. e3 Qd6 13. Qb5+ Ke7 14. Rd1 a6 15. Qxc4 Qb6 16. Be2 Rhd8 17. 0-0 c6 18. Na4 Qc7 19. Qc5+ Rd6 20. Nb6 Rad8 21. Nc4 b6 22. Qa3 c5 23. Nxd6 Rxd6 24. Rxd6 Qxd6 25. Bxa6 Qc6 26. b4 cxb4 27. Qxb4+ Qd6 28. Qxd6+ Kxd6 29. a4 Bd8 30. Rd1+ Ke7 31. Bb5 f5 32. Rd7+ Ke8 33. Rxg7+ Kf8 34. Rxh7 1-0